| 000 | 00338nam a2200121Ia 4500 | ||
|---|---|---|---|
| 008 | 180305s9999 xx 000 0 und d | ||
| 020 | _a9780071261197 | ||
| 100 | _aMiller, Stephen A. | ||
| 245 |
_cStpephen A. Miller, John P. Harley _aZoology/ |
||
| 250 | _a7th ed. | ||
| 260 |
_aQuezon City _bC&E Pub. Inc. _c2007 |
||
| 300 | _av, 588 Pages | ||
| 999 |
_c356072 _d356072 |
||